| 000 | 00739nam a22001817a 4500 | ||
|---|---|---|---|
| 003 | BD-DhUL | ||
| 005 | 20171026121145.0 | ||
| 008 | 160831s1963 ii ||||| |||| 00| 0 ben d | ||
| 040 |
_cBD-DhUL _dBD-DhUL |
||
| 082 |
_a954.142 _bSUH |
||
| 100 | _aমিত্র, সুধীরকুমার | ||
| 245 | 1 | 0 |
_aহুগলী জেলার ইতিহাস ও বঙ্গ সমাজ : _b২য় খন্ড / _cসুধীরকুমার মিত্র। |
| 260 |
_aঢাকা : _bকলিকাতা, _c১৯৬৩। |
||
| 300 |
_aখন্ড ; _c২১ সেমি. _bচিত্র ; |
||
| 650 | 4 |
_aহুগলী জেলা _xইতিহাস |
|
| 650 | 4 |
_aHooghly district _xHistory |
|
| 942 |
_2ddc _cBK |
||
| 999 |
_c104473 _d104473 |
||